[Event "OP-2022-0-05265"]
[Site "LSS email"]
[Date "2022.03.13"]
[Round "?"]
[White "Ducharme, Steven"]
[Black "Hoppe, Arnold"]
[Result "0-1"]
[WhiteElo "621"]
[BlackElo "2071"]
[PlyCount "30"]
[EventDate "2022.03.04"]
[EventType "tourn (corr)"]
[EventRounds "4"]
[EventCountry "GER"]
[SourceTitle "Corr 2024"]
[Source "ChessBase"]
[SourceDate "2023.10.19"]
[SourceVersion "1"]
[SourceVersionDate "2023.10.19"]
[SourceQuality "1"]

1. Nf3 Nf6 2. b3 d5 3. Bb2 Bf5 4. d3 e6 5. g3 c5 6. Bg2 Nc6 7. 0-0 Qc7 8. Nbd2 Rd8 9. Nh4 Bg4 10. h3 Bh5 11. Ndf3 Be7 12. g4 Bxg4 13. hxg4 Nxg4 14. Bh3 h5 15. Kg2 Bxh4 0-1

[Event "SN-2020-0-01019"]
[Site "LSS email"]
[Date "2020.10.15"]
[Round "?"]
[White "Neumann, Otto"]
[Black "Ducharme, Steven"]
[Result "1-0"]
[WhiteElo "933"]
[BlackElo "781"]
[PlyCount "65"]
[EventDate "2020.05.10"]
[EventType "tourn (corr)"]
[EventRounds "6"]
[EventCountry "GER"]
[SourceTitle "Corr 2022"]
[Source "ChessBase"]
[SourceDate "2021.10.24"]
[SourceVersion "1"]
[SourceVersionDate "2021.10.24"]
[SourceQuality "1"]

1. d4 Nf6 2. c4 e6 3. Nc3 d5 4. Bg5 Bb4 5. a3 Be7 6. cxd5 Nxd5 7. Bxe7 Qxe7 8. Nf3 a6 9. e4 Nxc3 10. bxc3 0-0 11. Bd3 b6 12. 0-0 Bb7 13. Ne5 Nd7 14. Ng4 f5 15. exf5 exf5 16. Ne3 Be4 17. Re1 Bxd3 18. Qxd3 Qf6 19. Qc4+ Kh8 20. Qxc7 Qd8 21. Qf4 g5 22. Qd6 Rf6 23. Qd5 Nf8 24. Qb3 h5 25. Rad1 b5 26. Nd5 Rf7 27. h3 Rc8 28. Nf4 Rh7 29. Nd3 Rh6 30. Ne5 Rc7 31. Nf7+ Rxf7 32. Qxf7 Qf6 33. Qe8 1-0

[Event "SN-2020-0-01019"]
[Site "LSS email"]
[Date "2020.10.13"]
[Round "?"]
[White "Ducharme, Steven"]
[Black "Lombardi, Donato"]
[Result "0-1"]
[WhiteElo "781"]
[BlackElo "797"]
[PlyCount "57"]
[EventDate "2020.05.10"]
[EventType "tourn (corr)"]
[EventRounds "6"]
[EventCountry "GER"]
[SourceTitle "Corr 2022"]
[Source "ChessBase"]
[SourceDate "2021.10.24"]
[SourceVersion "1"]
[SourceVersionDate "2021.10.24"]
[SourceQuality "1"]

1. c4 c5 2. g3 Nc6 3. Bg2 Nf6 4. Nc3 e6 5. Nf3 d5 6. cxd5 exd5 7. 0-0 Bd6 8. e3 0-0 9. b3 Bg4 10. h3 Bh5 11. Qc2 d4 12. exd4 cxd4 13. Nb5 Rc8 14. Nxd6 Qxd6 15. Qd3 Bg6 16. Qb5 b6 17. a4 Rfe8 18. Ba3 Qd5 19. Qxd5 Nxd5 20. Nh4 Ndb4 21. Nxg6 hxg6 22. Bxc6 Nxc6 23. Rac1 Ne5 24. Kg2 d3 25. Bd6 Rxc1 26. Rxc1 f6 27. Bxe5 Rxe5 28. Rc3 Rd5 29. Rc8+ 0-1

[Event "RN-2020-0-01598"]
[Site "LSS email"]
[Date "2020.10.04"]
[Round "?"]
[White "Ducharme, Steven"]
[Black "Bieszk, Stanislaw"]
[Result "1/2-1/2"]
[WhiteElo "781"]
[BlackElo "888"]
[PlyCount "67"]
[EventDate "2020.05.23"]
[EventType "tourn (corr)"]
[EventRounds "6"]
[EventCountry "GER"]
[SourceTitle "Corr 2022"]
[Source "ChessBase"]
[SourceDate "2021.10.24"]
[SourceVersion "1"]
[SourceVersionDate "2021.10.24"]
[SourceQuality "1"]

1. e4 c5 2. Nf3 d6 3. Bb5+ Nd7 4. 0-0 Ngf6 5. Re1 g6 6. d4 cxd4 7. Nxd4 Bg7 8. Nc3 0-0 9. h3 a6 10. Bxd7 Bxd7 11. Be3 b5 12. f4 Qa5 13. Nb3 Qc7 14. a3 Bc6 15. Qd3 Rac8 16. Nd4 Nd7 17. Nxc6 Qxc6 18. Bd4 Bxd4+ 19. Qxd4 Qc5 20. Qxc5 Nxc5 21. Nd5 Rfe8 22. b3 Kg7 23. Rac1 e6 24. Nb4 a5 25. Nd3 Nxd3 26. cxd3 Kf6 27. d4 Ke7 28. Kf2 b4 29. a4 Rc3 30. Rxc3 bxc3 31. Rc1 Rc8 32. Rc2 f5 33. Ke3 d5 34. e5 1/2-1/2

[Event "RN-2020-0-01598"]
[Site "LSS email"]
[Date "2020.09.28"]
[Round "?"]
[White "Ducharme, Steven"]
[Black "Tolnai, Rudolf"]
[Result "1-0"]
[WhiteElo "781"]
[BlackElo "811"]
[PlyCount "33"]
[EventDate "2020.05.23"]
[EventType "tourn (corr)"]
[EventRounds "6"]
[EventCountry "GER"]
[SourceTitle "Corr 2022"]
[Source "ChessBase"]
[SourceDate "2021.10.24"]
[SourceVersion "1"]
[SourceVersionDate "2021.10.24"]
[SourceQuality "1"]

1. Nf3 d5 2. e3 f6 3. c4 Be6 4. cxd5 Bxd5 5. Nc3 Bf7 6. Be2 e5 7. 0-0 Bd6 8. b3 a6 9. Bb2 c6 10. Ne4 Ne7 11. Nxd6+ Qxd6 12. d4 e4 13. Nd2 f5 14. f3 Qg6 15. fxe4 fxe4 16. Rf4 Bd5 17. Bh5 1-0

[Event "SN-2020-0-01018"]
[Site "LSS email"]
[Date "2020.09.26"]
[Round "?"]
[White "Ducharme, Steven"]
[Black "Hickl, Norbert"]
[Result "0-1"]
[WhiteElo "781"]
[BlackElo "832"]
[PlyCount "60"]
[EventDate "2020.04.02"]
[EventType "tourn (corr)"]
[EventRounds "6"]
[EventCountry "GER"]
[SourceTitle "Corr 2022"]
[Source "ChessBase"]
[SourceDate "2021.10.24"]
[SourceVersion "1"]
[SourceVersionDate "2021.10.24"]
[SourceQuality "1"]

1. Nf3 Nf6 2. b3 g6 3. Bb2 d5 4. g3 Bg7 5. Bg2 c5 6. 0-0 0-0 7. d3 Bf5 8. Nbd2 Nc6 9. Re1 Re8 10. e4 dxe4 11. Nxe4 Nxe4 12. Bxg7 Kxg7 13. dxe4 Qxd1 14. Raxd1 Bg4 15. e5 Rad8 16. h3 Bxf3 17. Rxd8 Rxd8 18. Bxf3 Nb4 19. a3 Nxc2 20. Rc1 Nxa3 21. Bxb7 Rb8 22. Ra1 Rxb7 23. Rxa3 Rc7 24. f4 f6 25. Kf2 Kf7 26. Ke3 Ke6 27. exf6 exf6 28. g4 Kd5 29. Kd3 Rb7 30. h4 Rxb3+ 0-1

[Event "RN-2020-0-01597"]
[Site "LSS email"]
[Date "2020.09.22"]
[Round "?"]
[White "Ducharme, Steven"]
[Black "Kuttner, Jaromir"]
[Result "0-1"]
[WhiteElo "781"]
[BlackElo "798"]
[PlyCount "90"]
[EventDate "2020.03.25"]
[EventType "tourn (corr)"]
[EventRounds "6"]
[EventCountry "GER"]
[SourceTitle "Corr 2022"]
[Source "ChessBase"]
[SourceDate "2021.10.24"]
[SourceVersion "1"]
[SourceVersionDate "2021.10.24"]
[SourceQuality "1"]

1. Nf3 Nf6 2. c4 c5 3. g3 Nc6 4. d4 e6 5. e3 d5 6. cxd5 Nxd5 7. Bg2 cxd4 8. Nxd4 Nxd4 9. Qxd4 Bb4+ 10. Bd2 Qa5 11. Bxd5 Bxd2+ 12. Nxd2 Qxd5 13. Qxd5 exd5 14. 0-0 0-0 15. Rac1 Be6 16. b3 Rac8 17. Nf3 h6 18. Nd4 Bd7 19. f3 Rfe8 20. Kf2 g5 21. g4 Kg7 22. h3 Kg6 23. a3 h5 24. a4 a6 25. Rc2 hxg4 26. fxg4 Rxc2+ 27. Nxc2 Rh8 28. Kg3 f5 29. Nd4 fxg4 30. hxg4 Rh4 31. Rf8 Rxg4+ 32. Kf3 Re4 33. Rd8 g4+ 34. Kf2 Re7 35. Ne2 Bc6 36. Rg8+ Rg7 37. Rxg7+ Kxg7 38. Nd4 Bd7 39. Kg3 Kg6 40. Kf4 Kh5 41. Kg3 a5 42. Ne2 Kg5 43. Nf4 Be8 44. Nxd5 Bf7 45. e4 Bxd5 0-1

[Event "SN-2020-0-01018"]
[Site "LSS email"]
[Date "2020.09.20"]
[Round "?"]
[White "Ducharme, Steven"]
[Black "Bengoa, Josu"]
[Result "0-1"]
[WhiteElo "781"]
[BlackElo "844"]
[PlyCount "100"]
[EventDate "2020.04.02"]
[EventType "tourn (corr)"]
[EventRounds "6"]
[EventCountry "GER"]
[SourceTitle "Corr 2022"]
[Source "ChessBase"]
[SourceDate "2021.10.24"]
[SourceVersion "1"]
[SourceVersionDate "2021.10.24"]
[SourceQuality "1"]

1. c4 Nf6 2. Nf3 g6 3. Nc3 Bg7 4. g3 0-0 5. Bg2 d6 6. d4 e5 7. dxe5 dxe5 8. Nxe5 Qxd1+ 9. Nxd1 Nbd7 10. Nxd7 Nxd7 11. 0-0 Nf6 12. Nc3 c6 13. h3 Be6 14. Bg5 Bxc4 15. Rac1 b5 16. b3 Be6 17. Nxb5 cxb5 18. Bxa8 Rxa8 19. Bxf6 Bxf6 20. Kg2 h5 21. Rc5 Rb8 22. e3 a5 23. Rfc1 a4 24. bxa4 bxa4 25. R1c2 Kg7 26. f4 Rd8 27. Ra5 Bd7 28. h4 Kh6 29. Ra6 Bg7 30. Rd6 Bh3+ 31. Kxh3 Rxd6 32. Rc4 Ra6 33. Rc7 f5 34. Re7 Rc6 35. e4 fxe4 36. Rxe4 Ra6 37. g4 hxg4+ 38. Kxg4 a3 39. Re2 Ra4 40. Re6 Kh7 41. Re7 Kg8 42. Kg5 Kh7 43. Kg4 Kh6 44. Re6 Rd4 45. Ra6 Bf8 46. h5 Bd6 47. hxg6 Kxg6 48. Kf3 Kf7 49. Ra7+ Be7 50. Ra5 Rd2 0-1

[Event "OP-2020-0-05013"]
[Site "LSS email"]
[Date "2020.09.12"]
[Round "?"]
[White "Ducharme, Steven"]
[Black "Mostowik, Daniel"]
[Result "0-1"]
[WhiteElo "781"]
[BlackElo "2227"]
[PlyCount "39"]
[EventDate "2020.08.23"]
[EventType "tourn (corr)"]
[EventRounds "4"]
[EventCountry "GER"]
[SourceTitle "Corr 2022"]
[Source "ChessBase"]
[SourceDate "2021.10.24"]
[SourceVersion "1"]
[SourceVersionDate "2021.10.24"]
[SourceQuality "1"]

1. c4 Nf6 2. Nc3 c5 3. g3 Nc6 4. Bg2 e6 5. Nf3 d5 6. cxd5 Nxd5 7. 0-0 Nf6 8. e4 e5 9. d3 h6 10. Be3 Be6 11. b3 Be7 12. Re1 0-0 13. h3 Qd7 14. Kh2 Rad8 15. Bf1 a6 16. Qb1 Nh5 17. Na4 Nd4 18. Nxe5 Qc7 19. Bxd4 cxd4 20. a3 0-1

[Event "OP-2020-0-05016"]
[Site "LSS email"]
[Date "2020.09.01"]
[Round "?"]
[White "Ducharme, Steven"]
[Black "Zmolil, Karel"]
[Result "0-1"]
[WhiteElo "781"]
[BlackElo "989"]
[PlyCount "74"]
[EventDate "2020.09.01"]
[EventType "tourn (corr)"]
[EventRounds "4"]
[EventCountry "GER"]
[SourceTitle "Corr 2022"]
[Source "ChessBase"]
[SourceDate "2021.10.24"]
[SourceVersion "1"]
[SourceVersionDate "2021.10.24"]
[SourceQuality "1"]

1. g3 e5 2. Bg2 Nf6 3. d3 Bc5 4. e3 0-0 5. Ne2 d5 6. 0-0 Be6 7. a3 Nc6 8. b4 Bb6 9. Bb2 a6 10. Nd2 Qd7 11. c4 Bf5 12. cxd5 Ne7 13. Bxe5 Bxd3 14. Bxf6 gxf6 15. Re1 Nxd5 16. Bxd5 Bxe2 17. Bxf7+ Rxf7 18. Qxe2 c6 19. Nc4 Bc7 20. Rad1 Qe6 21. f4 Re8 22. e4 Rfe7 23. e5 fxe5 24. fxe5 b5 25. Na5 Qg6 26. Qb2 Bxe5 27. Qb3+ Kh8 28. Rxe5 Rxe5 29. Qc3 Qe4 30. Nxc6 Qe3+ 31. Qxe3 Rxe3 32. Ra1 Rc3 33. Nd4 Ree3 34. Nf5 Rxa3 35. Rc1 Rac3 36. Rd1 Red3 37. Re1 h5 0-1

[Event "SN-2020-0-01017"]
[Site "LSS email"]
[Date "2020.08.31"]
[Round "?"]
[White "Bieszk, Stanislaw"]
[Black "Ducharme, Steven"]
[Result "1-0"]
[WhiteElo "918"]
[BlackElo "781"]
[PlyCount "51"]
[EventDate "2020.03.14"]
[EventType "tourn (corr)"]
[EventRounds "6"]
[EventCountry "GER"]
[SourceTitle "Corr 2022"]
[Source "ChessBase"]
[SourceDate "2021.10.24"]
[SourceVersion "1"]
[SourceVersionDate "2021.10.24"]
[SourceQuality "1"]

1. c4 g6 2. f3 Bg7 3. e4 Nc6 4. Nc3 d6 5. Rb1 e6 6. b4 a6 7. Bd3 Ne5 8. Be2 Ne7 9. d4 Nd7 10. Be3 c5 11. bxc5 dxc5 12. Qd2 cxd4 13. Bxd4 0-0 14. Bxg7 Kxg7 15. Nh3 h6 16. Nf2 b6 17. 0-0 Bb7 18. Rfd1 Bc6 19. Nd3 Qc7 20. Nb4 Rfd8 21. Nxc6 Nxc6 22. Qd6 Qxd6 23. Rxd6 Nce5 24. Rbd1 Ra7 25. Na4 Rb8 26. f4 1-0

[Event "SN-2020-0-01017"]
[Site "LSS email"]
[Date "2020.08.31"]
[Round "?"]
[White "Neumann, Otto"]
[Black "Ducharme, Steven"]
[Result "1-0"]
[WhiteElo "946"]
[BlackElo "781"]
[PlyCount "61"]
[EventDate "2020.03.14"]
[EventType "tourn (corr)"]
[EventRounds "6"]
[EventCountry "GER"]
[SourceTitle "Corr 2022"]
[Source "ChessBase"]
[SourceDate "2021.10.24"]
[SourceVersion "1"]
[SourceVersionDate "2021.10.24"]
[SourceQuality "1"]

1. d4 d5 2. Nf3 Nf6 3. Bf4 c6 4. e3 e6 5. Bd3 Bd6 6. Bg5 0-0 7. Nbd2 h6 8. Bh4 Be7 9. c4 Nbd7 10. c5 b6 11. b4 a5 12. a3 bxc5 13. bxc5 g5 14. Bg3 Ba6 15. Qc2 Bxd3 16. Qxd3 Ra7 17. 0-0 a4 18. Rfb1 Qa5 19. Ne5 Nh5 20. Nxd7 Rxd7 21. Rb6 Nxg3 22. hxg3 Bxc5 23. dxc5 Qxc5 24. Ra6 f5 25. Rxa4 e5 26. Nb3 Qb6 27. Rb4 Qa7 28. Qc3 d4 29. exd4 exd4 30. Rxd4 Rxd4 31. Qxd4 1-0

[Event "OP-2020-0-05015"]
[Site "LSS email"]
[Date "2020.08.30"]
[Round "?"]
[White "Ducharme, Steven"]
[Black "Shim Ng Min, Francis"]
[Result "0-1"]
[WhiteElo "781"]
[BlackElo "1225"]
[PlyCount "52"]
[EventDate "2020.08.30"]
[EventType "tourn (corr)"]
[EventRounds "4"]
[EventCountry "GER"]
[SourceTitle "Corr 2022"]
[Source "ChessBase"]
[SourceDate "2021.10.24"]
[SourceVersion "1"]
[SourceVersionDate "2021.10.24"]
[SourceQuality "1"]

1. Nf3 Nf6 2. g3 d5 3. Bg2 e6 4. d3 Be7 5. 0-0 0-0 6. Re1 c5 7. c3 Nc6 8. a4 e5 9. b3 d4 10. cxd4 cxd4 11. Ba3 Bxa3 12. Nxa3 Be6 13. Nc4 Bxc4 14. bxc4 Re8 15. e3 dxe3 16. fxe3 Rc8 17. Rb1 b6 18. h3 Na5 19. Qc2 e4 20. dxe4 Rxc4 21. Qa2 Rcxe4 22. Kf2 R4e7 23. Nd2 Rd7 24. Nc4 Ne4+ 25. Bxe4 Rxe4 26. Nxa5 Rd2+ 0-1

[Event "OP-2020-0-05015"]
[Site "LSS email"]
[Date "2020.08.30"]
[Round "?"]
[White "Siekierska, Georg"]
[Black "Ducharme, Steven"]
[Result "1-0"]
[WhiteElo "800"]
[BlackElo "781"]
[PlyCount "33"]
[EventDate "2020.08.30"]
[EventType "tourn (corr)"]
[EventRounds "4"]
[EventCountry "GER"]
[SourceTitle "Corr 2022"]
[Source "ChessBase"]
[SourceDate "2021.10.24"]
[SourceVersion "1"]
[SourceVersionDate "2021.10.24"]
[SourceQuality "1"]

1. d4 Nf6 2. c4 e6 3. Nf3 Bb4+ 4. Nbd2 0-0 5. a3 Bxd2+ 6. Bxd2 b6 7. Bg5 h6 8. Bh4 Bb7 9. e3 d6 10. Bd3 Nbd7 11. 0-0 g5 12. Bg3 Nh5 13. d5 Nxg3 14. fxg3 exd5 15. Nd4 Ne5 16. Qh5 Nxd3 17. Nf5 1-0

[Event "OP-2020-0-05014"]
[Site "LSS email"]
[Date "2020.08.28"]
[Round "?"]
[White "Cvak, Rudolf"]
[Black "Ducharme, Steven"]
[Result "1-0"]
[WhiteElo "2332"]
[BlackElo "781"]
[PlyCount "21"]
[EventDate "2020.08.27"]
[EventType "tourn (corr)"]
[EventRounds "4"]
[EventCountry "GER"]
[SourceTitle "Corr 2022"]
[Source "ChessBase"]
[SourceDate "2021.10.24"]
[SourceVersion "1"]
[SourceVersionDate "2021.10.24"]
[SourceQuality "1"]

1. e4 d6 2. d4 Nf6 3. Nc3 Nbd7 4. f4 g6 5. Nf3 Bg7 6. e5 dxe5 7. fxe5 Ng4 8. h3 Nh6 9. Bf4 0-0 10. Qd2 Nf5 11. g4 1-0

[Event "RN-2020-0-01597"]
[Site "LSS email"]
[Date "2020.08.26"]
[Round "?"]
[White "Farr, Dorota"]
[Black "Ducharme, Steven"]
[Result "1-0"]
[WhiteElo "800"]
[BlackElo "781"]
[PlyCount "49"]
[EventDate "2020.03.25"]
[EventType "tourn (corr)"]
[EventRounds "6"]
[EventCountry "GER"]
[SourceTitle "Corr 2022"]
[Source "ChessBase"]
[SourceDate "2021.10.24"]
[SourceVersion "1"]
[SourceVersionDate "2021.10.24"]
[SourceQuality "1"]

1. d4 Nf6 2. f3 d5 3. e4 dxe4 4. Nc3 exf3 5. Nxf3 Bg4 6. h3 Bxf3 7. Qxf3 c6 8. g4 h6 9. Be3 Nd5 10. Nxd5 Qxd5 11. Qxd5 cxd5 12. Bg2 e6 13. c4 Nc6 14. cxd5 exd5 15. Bxd5 Bd6 16. Rf1 0-0 17. Bxc6 bxc6 18. Rc1 Rac8 19. Ke2 Rfe8 20. Kd3 Rb8 21. Rxc6 Rb6 22. d5 Rxc6 23. dxc6 Rc8 24. Rc1 Rc7 25. Ke4 1-0

[Event "SN-2020-0-01017"]
[Site "LSS email"]
[Date "2020.08.26"]
[Round "?"]
[White "Pehl, Ferenc"]
[Black "Ducharme, Steven"]
[Result "1-0"]
[WhiteElo "872"]
[BlackElo "781"]
[PlyCount "91"]
[EventDate "2020.03.14"]
[EventType "tourn (corr)"]
[EventRounds "6"]
[EventCountry "GER"]
[SourceTitle "Corr 2022"]
[Source "ChessBase"]
[SourceDate "2021.10.24"]
[SourceVersion "1"]
[SourceVersionDate "2021.10.24"]
[SourceQuality "1"]

1. e4 c6 2. d4 d5 3. e5 Bf5 4. Bd3 Bxd3 5. Qxd3 e6 6. Nf3 h6 7. 0-0 g5 8. h3 Ne7 9. Nc3 Nf5 10. Nh2 h5 11. Ne2 Bh6 12. Ng3 Nxg3 13. Qxg3 Nd7 14. Nf3 g4 15. hxg4 hxg4 16. Qxg4 Bxc1 17. Raxc1 Qe7 18. Qg5 Qxg5 19. Nxg5 Ke7 20. f4 f5 21. Kf2 Nf8 22. Rh1 Ng6 23. g3 Rxh1 24. Rxh1 Rh8 25. Rxh8 Nxh8 26. Kf3 Ng6 27. g4 fxg4+ 28. Kxg4 a6 29. b4 b6 30. c3 Nf8 31. f5 exf5+ 32. Kxf5 Nd7 33. Nh7 b5 34. e6 Nb6 35. Nf6 Na4 36. Ng8+ Ke8 37. Ke5 Nxc3 38. a3 Ne4 39. Nf6+ Ke7 40. Ng8+ Ke8 41. Nh6 Nd2 42. Kd6 Nc4+ 43. Kxc6 Nxa3 44. Kxd5 Nc2 45. Nf5 Nxb4+ 46. Kd6 1-0

[Event "RN-2020-0-01597"]
[Site "LSS email"]
[Date "2020.08.26"]
[Round "?"]
[White "Trevis, Robert R"]
[Black "Ducharme, Steven"]
[Result "1-0"]
[WhiteElo "895"]
[BlackElo "781"]
[PlyCount "47"]
[EventDate "2020.03.25"]
[EventType "tourn (corr)"]
[EventRounds "6"]
[EventCountry "GER"]
[SourceTitle "Corr 2022"]
[Source "ChessBase"]
[SourceDate "2021.10.24"]
[SourceVersion "1"]
[SourceVersionDate "2021.10.24"]
[SourceQuality "1"]

1. Nf3 Nf6 2. d4 e6 3. c4 b6 4. g3 Bb7 5. Bg2 Bb4+ 6. Bd2 Qe7 7. a3 Bxd2+ 8. Qxd2 a5 9. Nc3 0-0 10. 0-0 d6 11. Qd3 Nbd7 12. e4 e5 13. Rfe1 exd4 14. Nd5 Qd8 15. Nxd4 Nxd5 16. exd5 Ne5 17. Qc3 Qf6 18. f4 Nd7 19. Qe3 Rfe8 20. Qxe8+ Rxe8 21. Rxe8+ Nf8 22. Rd1 h6 23. b4 Ba6 24. b5 1-0

[Event "FICGS rapid silver 000263 email"]
[Site "FICGS email"]
[Date "2020.07.11"]
[Round "2"]
[White "De Vassal, Thibault"]
[Black "Ducharme, Steven"]
[Result "1-0"]
[WhiteElo "2270"]
[BlackElo "1362"]
[PlyCount "41"]
[EventDate "2020.??.??"]
[EventType "match (rapid)"]
[EventRounds "2"]
[SourceTitle "Corr 2022"]
[Source "ChessBase"]
[SourceDate "2021.10.24"]
[SourceVersion "1"]
[SourceVersionDate "2021.10.24"]
[SourceQuality "1"]

1. g3 c6 2. c4 Nf6 3. Nf3 b6 4. d4 Bb7 5. Bg2 e6 6. Nc3 Be7 7. Nd2 d5 8. 0-0 Nbd7 9. e4 dxe4 10. Ndxe4 Nxe4 11. Nxe4 0-0 12. Bf4 f5 13. Nd6 Bxd6 14. Bxd6 Rf7 15. Re1 Rf6 16. a4 Nf8 17. c5 bxc5 18. dxc5 Nd7 19. Qb3 Ba6 20. Rxe6 Kh8 21. Re7 1-0

[Event "FICGS rapid silver 000263 email"]
[Site "FICGS email"]
[Date "2020.07.11"]
[Round "1"]
[White "Ducharme, Steven"]
[Black "De Vassal, Thibault"]
[Result "0-1"]
[WhiteElo "1362"]
[BlackElo "2270"]
[PlyCount "56"]
[EventDate "2020.??.??"]
[EventType "match (rapid)"]
[EventRounds "2"]
[SourceTitle "Corr 2022"]
[Source "ChessBase"]
[SourceDate "2021.10.24"]
[SourceVersion "1"]
[SourceVersionDate "2021.10.24"]
[SourceQuality "1"]

1. c4 Nf6 2. g3 g6 3. Bg2 Bg7 4. Nc3 d6 5. d3 0-0 6. Nf3 e5 7. 0-0 Nc6 8. b3 Ne8 9. Bb2 f5 10. a3 g5 11. e3 g4 12. Nh4 Ne7 13. Nd5 Ng6 14. Nxg6 hxg6 15. f4 gxf3 16. Bxf3 c6 17. Nb4 Qb6 18. d4 a5 19. Nc2 Qxb3 20. Rb1 Qxc4 21. Be2 Qe6 22. dxe5 Bxe5 23. Nd4 Qe7 24. Qd3 Nf6 25. Qb3+ d5 26. Nf3 a4 27. Qb4 Qxb4 28. axb4 Bxb2 0-1

[Event "FICGS rapid silver 000262 email"]
[Site "FICGS email"]
[Date "2020.06.30"]
[Round "2"]
[White "De Vassal, Thibault"]
[Black "Ducharme, Steven"]
[Result "1-0"]
[WhiteElo "2270"]
[BlackElo "1362"]
[PlyCount "53"]
[EventDate "2020.??.??"]
[EventType "match (rapid)"]
[EventRounds "2"]
[SourceTitle "Corr 2022"]
[Source "ChessBase"]
[SourceDate "2021.10.24"]
[SourceVersion "1"]
[SourceVersionDate "2021.10.24"]
[SourceQuality "1"]

1. e4 c5 2. Nf3 Nc6 3. d4 cxd4 4. Nxd4 Nf6 5. Nc3 e6 6. Ndb5 d6 7. Bf4 e5 8. Bg5 Be7 9. Bxf6 gxf6 10. Nd5 0-0 11. Nxe7+ Qxe7 12. Qxd6 Qxd6 13. Nxd6 Be6 14. 0-0-0 Rab8 15. a3 Rfd8 16. g4 Nd4 17. Nf5 Nf3 18. Be2 Nd4 19. Nxd4 exd4 20. Rd2 a6 21. Rhd1 b5 22. Rxd4 Rxd4 23. Rxd4 Rb6 24. Kd2 Kg7 25. f4 Bc4 26. Bxc4 bxc4 27. Kc3 1-0

[Event "FICGS rapid silver 000262 email"]
[Site "FICGS email"]
[Date "2020.06.30"]
[Round "1"]
[White "Ducharme, Steven"]
[Black "De Vassal, Thibault"]
[Result "0-1"]
[WhiteElo "1362"]
[BlackElo "2270"]
[PlyCount "48"]
[EventDate "2020.??.??"]
[EventType "match (rapid)"]
[EventRounds "2"]
[SourceTitle "Corr 2022"]
[Source "ChessBase"]
[SourceDate "2021.10.24"]
[SourceVersion "1"]
[SourceVersionDate "2021.10.24"]
[SourceQuality "1"]

1. Nf3 Nf6 2. g3 d5 3. Bg2 g6 4. 0-0 c5 5. b3 Bg7 6. Bb2 0-0 7. d3 Nc6 8. Nbd2 Qc7 9. a3 a5 10. e4 dxe4 11. dxe4 Rd8 12. Re1 Nxe4 13. Bxg7 Nxd2 14. Nxd2 Kxg7 15. c3 Rd3 16. Qc2 Bf5 17. Be4 Bxe4 18. Rxe4 Rad8 19. Nc4 b5 20. Ne3 f5 21. Rh4 Ne5 22. Rf4 e6 23. Rd1 Rxd1+ 24. Nxd1 g5 0-1

[Event "OP-2020-0-04954"]
[Site "LSS email"]
[Date "2020.04.03"]
[Round "?"]
[White "Van Bommel, Ton"]
[Black "Ducharme, Steven"]
[Result "1-0"]
[WhiteElo "2114"]
[BlackElo "674"]
[PlyCount "25"]
[EventDate "2020.04.01"]
[EventType "tourn (corr)"]
[EventRounds "4"]
[EventCountry "GER"]
[SourceTitle "Corr 2022"]
[Source "ChessBase"]
[SourceDate "2021.10.24"]
[SourceVersion "1"]
[SourceVersionDate "2021.10.24"]
[SourceQuality "1"]

1. e4 e5 2. Nf3 d6 3. d4 exd4 4. Nxd4 Nf6 5. Nc3 Be7 6. Bf4 0-0 7. Qd2 a6 8. 0-0-0 c5 9. Nf5 Bxf5 10. exf5 Nc6 11. g4 b5 12. g5 Ne8 13. Nd5 1-0

[Event "OP-2020-0-04952"]
[Site "LSS email"]
[Date "2020.03.31"]
[Round "?"]
[White "Ducharme, Steven"]
[Black "Peterson, Oscar"]
[Result "0-1"]
[WhiteElo "686"]
[BlackElo "1733"]
[PlyCount "56"]
[EventDate "2020.03.28"]
[EventType "tourn (corr)"]
[EventRounds "4"]
[EventCountry "GER"]
[SourceTitle "Corr 2022"]
[Source "ChessBase"]
[SourceDate "2021.10.24"]
[SourceVersion "1"]
[SourceVersionDate "2021.10.24"]
[SourceQuality "1"]

1. g3 g6 2. Bg2 Bg7 3. c3 c5 4. Nf3 e5 5. d3 Ne7 6. 0-0 Nbc6 7. b3 d5 8. Bb2 d4 9. Nbd2 0-0 10. a3 dxc3 11. Bxc3 Nd5 12. Bb2 e4 13. Bxg7 exf3 14. Bxf8 fxg2 15. Kxg2 Qxf8 16. Rc1 b6 17. e4 Nf6 18. h3 Qh6 19. f4 Bxh3+ 20. Kg1 Bxf1 21. Qxf1 Rd8 22. Qf3 Nd4 23. Qd1 Qh3 24. Nf1 Ng4 25. Rb1 f5 26. exf5 Re8 27. Rb2 Ne3 28. Nxe3 Rxe3 0-1